| 000 -LEADER |
| fixed length control field |
00982nam a2200205 4500 |
| 001 - CONTROL NUMBER |
| control field |
22761 |
| 003 - CONTROL NUMBER IDENTIFIER |
| control field |
BD-DhUAP |
| 005 - DATE AND TIME OF LATEST TRANSACTION |
| control field |
20250707164941.0 |
| 008 - FIXED-LENGTH DATA ELEMENTS--GENERAL INFORMATION |
| fixed length control field |
250707b2020 bg a|||| |||| 001 0aBan d |
| 020 ## - INTERNATIONAL STANDARD BOOK NUMBER |
| International Standard Book Number |
978‑984‑879908‑6 |
| 040 ## - CATALOGING SOURCE |
| Original cataloging agency |
BD-DhUAP |
| Language of cataloging |
BAN |
| Transcribing agency |
BD-DhUAP |
| Modifying agency |
BD-DhUAP |
| Description conventions |
BD-DhUAP |
| 082 ## - DEWEY DECIMAL CLASSIFICATION NUMBER |
| Edition number |
23 |
| Classification number |
701.17 RAH |
| 245 ## - TITLE STATEMENT |
| Title |
সৌন্দর্য শিল্পকলা ও নন্দনতত্ত্ব – চতুর্থ খণ্ড/ |
| Statement of responsibility, etc. |
ড. এম. মতিউর রহমান (সম্পাদক)। |
| 250 ## - EDITION STATEMENT |
| Edition statement |
প্রথম প্রকাশ |
| 260 ## - PUBLICATION, DISTRIBUTION, ETC. |
| Place of publication, distribution, etc. |
ঢাকা; |
| Name of publisher, distributor, etc. |
অবসর প্রকাশনা সংস্থা , |
| Date of publication, distribution, etc. |
২০২৩। |
| 300 ## - PHYSICAL DESCRIPTION |
| Extent |
৪১৫ পৃষ্ঠা , |
| Dimensions |
২২ সেমি । |
| 650 ## - SUBJECT ADDED ENTRY--TOPICAL TERM |
| Topical term or geographic name entry element |
কলা, সংস্কৃতি, ঐতিহ্যবিষয়ক প্রবন্ধ । |
| 700 ## - ADDED ENTRY--PERSONAL NAME |
| Personal name |
ড. এম. মতিউর রহমান । |
| Relator term |
(সম্পাদক)। |
| 942 ## - ADDED ENTRY ELEMENTS (KOHA) |
| Source of classification or shelving scheme |
|
| Koha item type |
Book |